000 00746nam a22002777a 4500
001 BR9504263
003 BR-BrBNA
005 20230928094625.0
007 ta
008 230509b bl.||||| |||| 00| 0 por d
040 _aBR-BrBNA
_bpor
_cBiblioteca Nacional de Agricultura
041 _a(Por)
072 _aH20; H10
090 _ H20 BR9504263
100 1 _aMata, J.F. da
110 1 _aUniversidade Federal da Paraiba, Areia (Brasil)
_910743
245 1 _aEstudos fitossanitarios em Sao Goncalo
260 3 _aAreia, PB (Brasil):
_c1971.
300 _a4 p.
500 _aSummaries (Eng, Por)
650 _aDoenca de Planta
650 _aPraga de Planta
650 _aParaiba
909 _a202309
_bLucia
_c55
_dLucia Elande
942 _cBK
999 _c51715
_d51715